| 000 | 00406nam a22001697a 4500 | ||
|---|---|---|---|
| 003 | CEME | ||
| 005 | 20210628205227.0 | ||
| 008 | 210216b xxu||||| |||| 00| 0 eng d | ||
| 020 | _a0-471-95846- | ||
| 040 | _c. | ||
| 082 | _a005.13 BEN'U | ||
| 100 |
_aBen Ari M _974479 |
||
| 245 | _aUnderstanding programming language | ||
| 260 |
_aNEWYORK _bJOHN WILEY _c1996 |
||
| 300 | _aXV,360P | ||
| 942 |
_cBK _2ddc |
||
| 999 |
_c580005 _d580005 |
||